Lataa...

Anatomy of Criticism; Four Essays

Bibliografiset tiedot
Päätekijä: Frye,Northrop
Aineistotyyppi: Printed Book
Julkaistu: New Jersey; Princeton University Press; 1971
Aiheet:
LEADER 00509nam a22001337a 4500
082 |a 824  |b FRY/A L1 
100 |a Frye,Northrop  |9 175215 
245 |a Anatomy of Criticism;  |b Four Essays 
260 |a New Jersey;  |b Princeton University Press;  |c 1971 
300 |a 381p. 
650 |a English Critical Studies; English Literature  |9 301414 
942 |c BK 
999 |c 64480  |d 64480 
952 |0 0  |1 0  |4 0  |6 824_000000000000000_FRY_A_L1  |7 0  |8 English   |9 77104  |a MAL  |b MAL  |d 2016-10-10  |e 28434  |l 0  |o 824 FRY/A L1  |p MAL028434  |r 2016-10-10  |t 1  |w 2016-10-10  |y BK